Handbuch der gefährlichen Güter 1
Gespeichert in:
| 1. Verfasser: | |
|---|---|
| Format: | Buch |
| Sprache: | Deutsch |
| Veröffentlicht: |
Berlin, New York
Springer-Verlag
1980
|
| Ausgabe: | 3. Aufl. der Merkblätter 1-212 (1. Lieferung), 2. Aufl. der Merkblätter 213-414 (2. Lieferung) |
| Schlagworte: | |
| Online-Zugang: | Im OPAC anzeigen |
| Tags: |
Keine Tags, Fügen Sie das erste Tag hinzu!
|
MARC
| LEADER | 00000nam a2200000 a 4500 | ||
|---|---|---|---|
| 005 | 20260127134105.0 | ||
| 008 | 090520 1980 gw 000 0 ger d | ||
| 020 | |a 3540093524 (Berlin) | ||
| 020 | |a 0387093524 (New York) | ||
| 035 | |a vtls009514602 | ||
| 039 | 9 | |y 200905200959 |z mschk03 | |
| 040 | |a STUSCHK1 |b slo |c STUSCHK1 |e AACR2 | ||
| 080 | |a 614.7(03) | ||
| 080 | |a 502.53:66/67(03) | ||
| 100 | 1 | |a Hommel, Günter | |
| 245 | 1 | |a Handbuch der gefährlichen Güter |n 1 |c Günter Hommel | |
| 250 | |a 3. Aufl. der Merkblätter 1-212 (1. Lieferung), 2. Aufl. der Merkblätter 213-414 (2. Lieferung) | ||
| 260 | |a Berlin, New York |b Springer-Verlag |c 1980 | ||
| 300 | |a nepr.str. |b il. |c 30 cm | ||
| 500 | |a obsahuje bibliografiu | ||
| 650 | 0 | |a Chemicals | |
| 910 | |a SCHK95 | ||
| 919 | |a 3-540-09352-4 (Berlin) | ||
| 919 | |a 0-387-09352-4 (New York) | ||
| 999 | |c 3852 |d 3852 | ||